Digesta series divinum persolvendi officium missasque celebrandi juxta romanum ritum, specialesque breviarii et missalis...

Detalles Bibliográficos
Formato: Libro
Publicado: Morelia 1849
Materias:
Colección:Banco de datos
Acervo:Biblioteca del Convento de San Pablo. Yuririahupándaro. Guanajuato
Tema general:Liturgia
Notas:Buena. 2B, 1, 45 (4599 1B1).
LEADER 00679nam a22001810004500
035 |a 34466 
036 |a 107 
245 1 0 |a Digesta series divinum persolvendi officium missasque celebrandi juxta romanum ritum, specialesque breviarii et missalis... 
260 |a Morelia  |b I. Arango imp.  |c 1849 
500 |a Buena. 2B, 1, 45 (4599 1B1). 
650 1 0 |a Liturgia 
949 |a CRG-CY 
959 |a Ex convento de San Pablo, Museo Regional de Yuririahpúndaro, Guanajuato  |b CCC9 
960 |a Convento San Pablo Yuririahpúndaro, Guanajuato  |b DD86 
961 |a Agustina  |b OA 
942 |c CRG-CY 
943 |g Biblioteca del Convento de San Pablo. Yuririahupándaro. Guanajuato 
999 |c 955132  |d 955132